000 00326nam a22001337a 4500
020 _a0-340-17263-0
082 _a823
_bBLY/L
100 _aENID BLYTON
245 _aLOOK OUT SECRET SEVEN
260 _aGREAT BRITAIN
_bHODDER CHILDRENS BOOKS
_c1973
300 _a95
650 _aCHILDREN'S STORY BOOK
_zUNITED KINGDOM
942 _cBK
999 _c132
_d132